000 00326nam a2200097Ia 4500
008 220204s9999 xx 000 0 und d
082 _a339.1:634.573(047)
_bREP
245 0 _aReport of the market survey for cashew nuts in Netherlands, West Germany and France
260 _aErnakulam
_bCashew Export Promotion Council
942 _cBK
999 _c22260
_d22260